000
00297nam a2200121Ia 4500
008
190216s9999||||xx |||||||||||||| ||und||
100
_a
Khan M Y & Jain P K
245
0
_a
Financial Management
260
_b
Tata Mcgrawhill Publishers
_c
2004
300
_a
1230
650
_a
Commerce
942
_c
BK
999
_c
6570
_d
6570